000 00263nam a2200097Ia 4500
008 190216s9999||||xx |||||||||||||| ||und||
100 _aVyathith Hariday
245 0 _aHindi-Hamare Adhunik Kaviour Linki Kavithayam
260 _bMac Millian And Com. Ltd
942 _cBK
999 _c17450
_d17450